Mathematics and Logic
Αποθηκεύτηκε σε:
| Κύριος συγγραφέας: | |
|---|---|
| Άλλοι συγγραφείς: | |
| Μορφή: | Βιβλίο |
| Γλώσσα: | English |
| Δημοσίευση: |
New York :
Dover Pub. Inc.,
1992
|
| Θέματα: | |
| Ετικέτες: |
Προσθήκη ετικέτας
Δεν υπάρχουν, Καταχωρήστε ετικέτα πρώτοι!
|
MARC
| LEADER | 00000nam a2200000 i 4500 | ||
|---|---|---|---|
| 001 | 1/47663 | ||
| 008 | 950725s1992 eng d | ||
| 020 | |a 0486670856 | ||
| 035 | |1 ΕΛΗ |a 1995 |c ΠΟΥΡΝΑΡΑΣ |l 10043123 | ||
| 040 | |a GR-MY-UA |b gre |e aacr | ||
| 041 | 0 | |a eng | |
| 082 | 0 | |a 510 | |
| 100 | 1 | |a Kac, Mark. | |
| 245 | 1 | 0 | |a Mathematics and Logic / |c Mark Kac and Stanislaw M. Ulam |
| 260 | |a New York : |b Dover Pub. Inc., |c 1992 | ||
| 300 | |a 170 p.; |c 21 cm. | ||
| 500 | |a Originally published: New York:Praeger,1968, in series:Britannica perspective. | ||
| 650 | 0 | 0 | |a Mathematics |x Popular works. |
| 700 | 1 | |a Ulam, Stanislaw M. | |
| 852 | |a INST |b SAMOS |e 19950725 |h 510 KAC |p 005300009840 |q 005300009840 |t BK |y 0 | ||
| 909 | |a Σ |b 044749 | ||